[Event "Julian Mazur 2024"]
[Site "Wellington Chess Club"]
[Date "2024.08.29"]
[Round "5.20"]
[White "Hamilton, Marcus"]
[Black "Sun, William"]
[Result "0-1"]
[WhiteElo "1441"]
[BlackElo "807"]
[WhiteFideId "0"]
[BlackFideId "0"]
[EventDate "2024.08.01"]
[SourceDate ""]

1. e4 c6 2. Nf3 d5 3. d3 dxe4 4. dxe4 Qxd1+ 5. Kxd1 Bg4 6. Nd2 e5 7. Be2 Nd7 8.
b3 Ngf6 9. Bb2 Bxf3 10. Bxf3 Bb4 11. c3 Ba5 12. Re1 Nc5 13. Re3 Bb6 14. Re2 Nd3
15. Bc1 Nxf2+ 16. Kc2 O-O-O 17. Nc4 Nd3 18. Nxb6+ axb6 19. Re3 Nf4 20. Bb2 Rd7
21. Rd1 Rhd8 22. g4 Ng2 $1 23. Bxg2 Rxd1 24. Bc1 Nxg4 25. Bh3 f5 26. Bxg4 fxg4
27. Re2 h5 28. Bg5 R8d7 29. Rf2 Kc7 30. c4 R1d4 0-1

[Event "Julian Mazur 2024"]
[Site "Wellington Chess Club"]
[Date "2024.08.29"]
[Round "5.21"]
[White "He, Zachary"]
[Black "Aldridge, Alan L"]
[Result "0-1"]
[WhiteElo "1261"]
[BlackElo "1822"]
[WhiteFideId "4320905"]
[BlackFideId "4301528"]
[EventDate "2024.08.01"]
[SourceDate ""]

1. e4 e5 2. Nc3 Nf6 3. f4 d5 4. fxe5 Nxe4 5. Nf3 Be7 6. d3 Nxc3 7. bxc3 O-O 8.
Be3 c5 9. d4 Nc6 10. dxc5 Bg4 11. Bf4 f6 12. Bb5 Bxc5 13. Bxc6 bxc6 14. Qd3
Bxf3 15. gxf3 fxe5 16. Bxe5 Qe7 0-1

[Event "Julian Mazur 2024"]
[Site "Wellington Chess Club"]
[Date "2024.08.29"]
[Round "5.22"]
[White "Qin, Dan"]
[Black "Lieser, Joshua"]
[Result "0-1"]
[WhiteElo "1177"]
[BlackElo "1643"]
[WhiteFideId "0"]
[BlackFideId "4326385"]
[EventDate "2024.08.01"]
[SourceDate ""]

1. d4 f5 2. Bf4 Nf6 3. e3 g6 4. Nd2 Bg7 5. h3 O-O 6. g4 d6 7. g5 Nh5 8. Bd3
Nxf4 9. exf4 Bxd4 10. c3 Bb6 11. Qb3+ Kh8 12. O-O-O Bxf2 13. h4 e5 14. h5 Kg7
15. hxg6 hxg6 16. Ne2 Rh8 17. Rxh8 Qxh8 18. Qd5 Qg8 19. Qxg8+ Kxg8 20. Bc4+ Kg7
21. Rh1 Nc6 22. Nf3 Na5 23. Bd3 e4 24. Bxe4 fxe4 25. Nh4 Bg4 26. Nd4 Bxd4 27.
cxd4 Nc6 28. d5 Nb4 29. Rf1 Rf8 30. Re1 Nd3+ 0-1

[Event "Julian Mazur 2024"]
[Site "Wellington Chess Club"]
[Date "2024.08.29"]
[Round "5.23"]
[White "Pham, Anthony"]
[Black "Osborne, Geoff"]
[Result "0-1"]
[WhiteElo "1151"]
[BlackElo "1517"]
[WhiteFideId "0"]
[BlackFideId "4311485"]
[EventDate "2024.08.01"]
[SourceDate ""]

1. e4 e5 2. Nf3 Nc6 3. Bc4 Nf6 4. Ng5 d5 5. Bd3 Bc5 6. Bb5 O-O 7. Bxc6 bxc6 8.
d3 dxe4 9. Nxe4 Nxe4 10. dxe4 Qxd1+ 11. Kxd1 Bxf2 12. Nc3 Bg4+ 13. Ne2 Rad8+
14. Bd2 Be3 15. c3 Rxd2+ 16. Ke1 Rxe2+ 17. Kd1 Rd8# 0-1

[Event "Julian Mazur 2024"]
[Site "Wellington Chess Club"]
[Date "2024.08.29"]
[Round "5.25"]
[White "Pickering, Dean"]
[Black "Hao, John"]
[Result "1-0"]
[WhiteElo "1274"]
[BlackElo "1045"]
[WhiteFideId "0"]
[BlackFideId "4326377"]
[EventDate "2024.08.01"]
[SourceDate ""]

1. e4 c5 2. Nf3 e6 3. d4 cxd4 4. Nxd4 Nf6 5. Bg5 Be7 6. Bd3 Nc6 7. Nxc6 bxc6 8.
Nc3 h6 9. Bh4 O-O 10. O-O d6 11. Qe2 e5 12. h3 Be6 13. a4 Rb8 14. Rab1 d5 15.
exd5 Nxd5 16. Bxe7 Qxe7 17. Qxe5 Nxc3 18. Qxc3 Rfc8 19. Rfe1 Qg5 20. Bc4 Bd5
21. Bxd5 cxd5 22. Qd3 Rc4 23. b3 Rh4 24. Qg3 Qxg3 25. fxg3 Rh5 26. Re7 a6 27.
Rd1 Rc8 28. Rd2 Kf8 29. Rd7 Ke8 30. Ra7 Rc6 31. Re2+ Kd8 32. Ree7 Rxc2 33. Rxf7
Re5 34. Rf8+ Re8 35. Ra8+ Kd7 36. Rfxe8 Rc1+ 37. Kf2 Kd6 38. Rxa6+ Kc5 39. Rc8+
1-0

[Event "Julian Mazur 2024"]
[Site "Wellington Chess Club"]
[Date "2024.08.29"]
[Round "5.27"]
[White "He, Jacob"]
[Black "Pham, Luca"]
[Result "1-0"]
[WhiteElo "1058"]
[BlackElo "947"]
[WhiteFideId "4320891"]
[BlackFideId "0"]
[EventDate "2024.08.01"]
[SourceDate ""]

1. e4 c6 2. d4 d5 3. exd5 cxd5 4. Nf3 e6 5. c3 Bd6 6. Bd3 Nf6 7. Be3 O-O 8.
Nbd2 Ng4 9. Qe2 Qb6 10. Rb1 Ba3 11. Nb3 Bd6 12. Bxh7+ Kxh7 13. Ng5+ Kg8 14.
Qxg4 e5 15. Qh5 Rd8 16. Qxf7+ Kh8 17. Qxd5 Re8 18. Qf7 Rf8 19. Qg6 Bf5 20. Qh5+
Kg8 21. dxe5 Bxe5 22. Bxb6 Bxb1 23. O-O Nc6 24. Rxb1 axb6 25. Qh7# 1-0

[Event "Julian Mazur 2024"]
[Site "Wellington Chess Club"]
[Date "2024.08.29"]
[Round "5.28"]
[White "Ravi, Vrajesh"]
[Black "Miriyala, Sreenikesh"]
[Result "0-1"]
[WhiteElo "1054"]
[BlackElo "948"]
[WhiteFideId "0"]
[BlackFideId "4325532"]
[EventDate "2024.08.01"]
[SourceDate ""]

1. e4 d6 2. Nf3 Nf6 3. Nc3 c6 4. d4 Qa5 5. Bc4 Nxe4 6. Bd2 Nxd2 7. Qxd2 e5 8.
Qe3 Nd7 9. dxe5 dxe5 10. O-O Bc5 11. Qe2 O-O 12. Nxe5 Bxf2+ 13. Rxf2 Nxe5 14.
Rf5 Bxf5 15. Re1 Nxc4 16. Qxc4 Qb6+ 17. Kh1 Rfe8 18. Rxe8+ Rxe8 19. Qf1 Qc7 20.
Qg1 Bxc2 21. h3 h6 22. a3 Qg3 23. Na2 Re1 24. Qxe1 Qxe1+ 25. Kh2 Be4 26. Nc3 f5
27. Nxe4 fxe4 28. g3 Qf2+ 29. Kh1 e3 30. g4 e2 31. b4 e1=R# 0-1

[Event "Julian Mazur 2024"]
[Site "Wellington Chess Club"]
[Date "2024.08.29"]
[Round "5.29"]
[White "Thingbaijam, Conan"]
[Black "Winsley, Daniel"]
[Result "0-1"]
[WhiteElo "1325"]
[BlackElo "1781"]
[WhiteFideId "4326792"]
[BlackFideId "4315138"]
[EventDate "2024.08.01"]
[SourceDate ""]

1. e4 e6 2. d4 d5 3. e5 c5 4. c3 Nc6 5. Nf3 Bd7 6. a3 a5 7. b3 f6 8. Bf4 Qb6 9.
a4 h5 10. Bb5 cxd4 11. cxd4 Bb4+ 12. Ke2 Nge7 13. Bc1 Rc8 14. Ba3 Nf5 15. Bxb4
Ncxd4+ 16. Nxd4 Nxd4+ 17. Kf1 Bxb5+ 18. axb5 Qxb5+ 19. Ke1 Nc2+ 20. Kd2 Qxb4+
21. Ke2 Qb5+ 22. Qd3 Nd4+ 23. Ke3 Nf5+ 24. Kd2 Qb4+ 25. Nc3 0-1

[Event "Julian Mazur 2024"]
[Site "Wellington Chess Club"]
[Date "2024.09.05"]
[Round "6.1"]
[White "Winsley, Nicholas"]
[WhiteFideId "4315146"]
[Black "Croad, Nicolas"]
[BlackFideId "4300793"]
[Result "1/2-1/2"]
[WhiteElo "2086"]
[BlackElo "2394"]

1. e4 c5 2. Nf3 d6 3. d4 cxd4 4. Nxd4 Nf6 5. Nc3 g6 6. Bc4 Bg7 7. f3 O-O 8. Be3
Nc6 9. Bb3 Bd7 10. Qd2 Rc8 11. O-O-O Nxd4 12. Bxd4 b5 13. Bxa7 b4 14. Nd5 Nxd5
15. exd5 Qa5 16. Bd4 Ba4 17. Bxa4 Qxa4 18. b3 Qxa2 19. Bxg7 Kxg7 20. Qd4+ Kg8
21. Qb2 Qa5 22. Rd4 Rc3 23. Rhd1 Rfc8 24. R1d2 Re3 25. Re4 Qc5 26. Qd4 Qxd4 27.
Rdxd4 Rxb3 28. Rxb4 Rbc3 29. Rb2 Kf8 30. Kd2 f5 31. Rd4 Kf7 32. f4 Kf6 33. Rd3
R3c4 34. g3 h6 35. Re3 Rd4+ 36. Rd3 Ra4 37. Rb7 Ra5 38. Kc1 Rac5 39. Rd2 g5 40.
Re2 gxf4 41. gxf4 R8c7 42. Re6+ Kf7 43. Rxc7 Rxc7 44. Rxh6 Rc4 45. Kd2 Rxf4 46.
Ke3 Re4+ 47. Kd3 Kg7 48. Rh3 Ra4 49. Re3 Kf7 50. c4 Ra2 51. h3 Rh2 52. Kd4 Rf2
53. Re6 Rf4+ 54. Kd3 Rh4 55. Re3 f4 56. Rf3 Kf6 57. Ke4 Kg5 58. Rd3 f3+ 59.
Kxf3 Rxh3+ 60. Ke2 Rh2+ 61. Ke3 Rh4 62. Rd4 Rh3+ 63. Kd2 Kf5 64. Ke2 Ke5 65.
Rg4 e6 66. dxe6 Kxe6 67. Re4+ Kd7 68. Re3 Rh4 69. Kd3 Kc6 70. Rg3 Rh5 71. Kd4
Rh4+ 72. Kc3 1/2-1/2

[Event "Julian Mazur 2024"]
[Site "Wellington Chess Club"]
[Date "2024.09.05"]
[Round "6.2"]
[White "Chang, Luke"]
[WhiteFideId "4325605"]
[Black "Sethuramalingam, Karthik"]
[BlackFideId "4320964"]
[Result "1-0"]
[WhiteElo "1930"]
[BlackElo "1871"]

1. d4 d5 2. Nf3 Nf6 3. c4 e6 4. Nc3 Bb4 5. Bg5 h6 6. Bxf6 Qxf6 7. e3 O-O 8. Rc1
c5 9. cxd5 exd5 10. dxc5 Rd8 11. Qd4 Nc6 12. Qxf6 gxf6 13. Be2 d4 14. exd4 Nxd4
15. Nxd4 Rxd4 16. a3 Ba5 17. b4 Bc7 18. O-O Be5 19. Bf3 Rd3 20. Nb1 Rb8 21.
Rfd1 Bf5 22. Rxd3 Bxd3 23. Nc3 Re8 24. g4 b6 25. Nd5 bxc5 26. bxc5 Bb2 27. Rd1
Bc4 28. Ne3 Be6 29. a4 Rc8 30. c6 Be5 31. Rb1 Kf8 32. Rb7 Bd4 33. Kf1 Bb6 34.
Ke2 Rc7 35. Kd3 Bc8 36. Rxc7 Bxc7 37. h4 Be6 38. Bd5 Bc8 39. Kc4 Ke7 40. Kb5
Bb6 41. Bf3 Be6 42. a5 Bc7 43. Be4 Kd6 44. Ka6 Bc8+ 45. Kxa7 Kc5 46. a6 Bb6+
47. Kb8 Bxa6 48. c7 Kd4 49. Bb7 Bxc7+ 50. Kxc7 Bxb7 51. Kxb7 Ke4 52. h5 Kf3 53.
Kc6 Kxf2 54. Nf5 Kf3 55. Nxh6 1-0

[Event "Julian Mazur 2024"]
[Site "Wellington Chess Club"]
[Date "2024.09.05"]
[Round "6.3"]
[White "Young, Cohen"]
[WhiteFideId "4317440"]
[Black "Jackson, L Ross"]
[BlackFideId "4301501"]
[Result "1-0"]
[WhiteElo "2136"]
[BlackElo "1942"]

1. e4 c5 2. Nf3 d6 3. d4 cxd4 4. Nxd4 Nf6 5. Nc3 e6 6. g4 Be7 7. g5 Nfd7 8. h4
Nc6 9. Be3 Nb6 10. Qd2 e5 11. Nf5 Bxf5 12. exf5 Qd7 13. O-O-O Qxf5 14. Bh3 Qf3
15. Rdg1 Nc4 16. Qd3 Nxe3 17. fxe3 Nd8 18. Nd5 Kf8 19. Bg4 Qf2 20. Nc3 1-0

[Event "Julian Mazur 2024"]
[Site "Wellington Chess Club"]
[Date "2024.09.05"]
[Round "6.4"]
[White "Winter, Ryan"]
[WhiteFideId "4306295"]
[Black "Benitez, Edgar"]
[BlackFideId "4301315"]
[Result "1-0"]
[WhiteElo "2289"]
[BlackElo "1862"]

1. e4 d5 2. exd5 Nf6 3. d4 Nxd5 4. Nf3 Bg4 5. h3 Bh5 6. g4 Bg6 7. a3 e6 8. c4
Nf6 9. Nc3 c6 10. Bg2 Nbd7 11. O-O Be7 12. Re1 O-O 13. Bf4 a5 14. Qe2 Re8 15.
Rad1 Qc8 16. Rd2 Bd8 17. Red1 Bc7 18. Ne5 Nf8 19. Bg3 a4 20. Re1 N6d7 21. Red1
Nb6 22. c5 Nd5 23. Nc4 Nf4 24. Qf3 Nxg2 25. Qxg2 Rd8 26. Qh2 Rd7 27. Bxc7 Qxc7
28. Nb6 Qxh2+ 29. Kxh2 Rdd8 30. Nxa8 Rxa8 31. Kg3 Nd7 32. f4 Nf6 33. Kf3 Nd5
34. Re1 Kf8 35. Nxd5 cxd5 36. Rc1 Be4+ 37. Ke3 Ra6 38. Rc3 Ke7 39. b4 axb3 40.
Rxb3 Kf6 41. Rdb2 h6 42. Rc3 Ra7 43. Rb4 g5 44. fxg5+ hxg5 45. Rcb3 Bc2 46.
Rxb7 Ra6 47. Rc3 Ba4 48. Rb6 Ra7 49. c6 Rc7 50. Rc5 Ke7 51. Ra6 Bb3 52. a4 Kd6
53. a5 Bc4 54. Rb6 e5 55. a6 e4 56. a7 Rxa7 57. c7+ 1-0

[Event "Julian Mazur 2024"]
[Site "Wellington Chess Club"]
[Date "2024.09.05"]
[Round "6.5"]
[White "Tanoi, T Edward"]
[WhiteFideId "4302087"]
[Black "Sellen, Ian"]
[BlackFideId "4300610"]
[Result "1-0"]
[WhiteElo "1917"]
[BlackElo "2001"]

1. e4 e5 2. Nf3 Nc6 3. Bc4 Nf6 4. d3 Be7 5. c3 O-O 6. O-O d6 7. Re1 Na5 8. Bb5
c6 9. Ba4 b5 10. Bc2 Bg4 11. Nbd2 Qc7 12. Nf1 d5 13. h3 dxe4 14. hxg4 exf3 15.
Qxf3 Nd5 16. Ng3 Nf4 17. Rxe5 Qxe5 18. Bxf4 Qe6 19. b4 Nb7 20. d4 Nd6 21. Nf5
Nxf5 22. gxf5 Qf6 23. g4 Bd6 24. g5 Qd8 25. Be3 g6 26. Kg2 h5 27. Rh1 f6 28.
fxg6 Kg7 29. Qxh5 1-0

[Event "Julian Mazur 2024"]
[Site "Wellington Chess Club"]
[Date "2024.09.05"]
[Round "6.6"]
[White "Winsley, Daniel"]
[WhiteFideId "4315138"]
[Black "Thirkell, Zachary"]
[BlackFideId "4322207"]
[Result "0-1"]
[WhiteElo "1781"]
[BlackElo "1834"]

1. e4 c6 2. d4 d5 3. exd5 cxd5 4. Bd3 Nc6 5. Nf3 Bg4 6. c3 Nf6 7. h3 Bh5 8. Bf4
e6 9. Nbd2 Be7 10. Qb3 Qc8 11. a4 O-O 12. a5 a6 13. Qc2 Bg6 14. O-O Nb4 15.
cxb4 Qxc2 16. Bxc2 Bxc2 17. Rfc1 Rfc8 18. Ne1 Bg6 19. Rc7 Rxc7 20. Bxc7 Rc8 21.
Bb6 Bxb4 22. Nb3 Nd7 23. Bc5 Bxc5 24. Nxc5 Nxc5 25. Rc1 Rc6 26. dxc5 e5 27. Nf3
f6 28. b4 Kf7 29. Re1 Rc7 30. Kh2 Bf5 31. Kg3 Re7 32. h4 d4 33. Nd2 Bd3 34. f3
f5 35. Rc1 Bb5 36. Re1 Kf6 37. Kf2 g6 38. g3 Rd7 39. Rc1 Ke6 40. h5 d3 41. Ke3
Rd4 42. Rb1 Kd5 43. hxg6 hxg6 44. Rb3 f4+ 45. gxf4 exf4+ 46. Kf2 Ke5 47. Rb2
Rd7 48. Rb1 Rh7 49. Rg1 Rh2+ 50. Ke1 Kd4 51. Rxg6 Kc3 52. Ne4+ Kc2 53. Rd6 Re2+
54. Kf1 d2 55. Nxd2 Rxd2+ 56. Kg1 Rxd6 57. cxd6 Kd2 0-1

[Event "Julian Mazur 2024"]
[Site "Wellington Chess Club"]
[Date "2024.09.05"]
[Round "6.7"]
[White "Nicholls, Leighton"]
[WhiteFideId "4303776"]
[Black "Coates, Alex"]
[BlackFideId "4311540"]
[Result "0-1"]
[WhiteElo "1961"]
[BlackElo "1887"]

1. e4 c6 2. d4 d5 3. e5 Bf5 4. Nf3 e6 5. Bd3 Bxd3 6. Qxd3 Nd7 7. O-O Qc7 8. c4
dxc4 9. Qxc4 Nb6 10. Qe2 Ne7 11. Nc3 Ned5 12. Bg5 h6 13. Bh4 Bb4 14. Rac1 Nxc3
15. bxc3 Ba3 16. Rc2 O-O 17. Nd2 Rfc8 18. Ne4 Bf8 19. g4 c5 20. g5 hxg5 21.
Nxg5 Be7 22. Qg4 Bxg5 23. Bxg5 Nd5 24. c4 cxd4 25. Qxd4 Ne7 26. Qd6 Nf5 27.
Qxc7 Rxc7 28. Rd1 Rac8 29. Rb1 Nd4 0-1

[Event "Julian Mazur 2024"]
[Site "Wellington Chess Club"]
[Date "2024.09.05"]
[Round "6.8"]
[White "Ker, Anthony F"]
[WhiteFideId "4300084"]
[Black "Saglam, Yigit"]
[BlackFideId "0"]
[Result "1-0"]
[WhiteElo "2384"]
[BlackElo "1810"]

1. e4 c5 2. Nc3 Nc6 3. Bb5 g6 4. Bxc6 dxc6 5. d3 Bg7 6. Be3 c4 7. d4 Nf6 8. h3
b5 9. a3 Bb7 10. Nf3 a6 11. e5 Nd5 12. Ne4 Nxe3 13. fxe3 O-O 14. Nc5 Bc8 15.
Qd2 f6 16. O-O-O Qb6 17. exf6 exf6 18. e4 Re8 19. Qf4 Be6 20. h4 h5 21. Nxe6
Rxe6 22. g4 hxg4 23. Qxg4 Rae8 24. Qxg6 Qc7 25. Rhg1 Qf4+ 26. Nd2 R8e7 27. Rg4
Qe3 28. c3 Kf8 29. Rf1 Rf7 30. Rgf4 Ke7 31. Qh5 Rf8 32. Qg6 Rf7 33. h5 Qh3 34.
Rf5 Qe3 35. R5f3 Qh6 36. Qf5 Rf8 37. Rg1 Rf7 38. Kc2 Bh8 39. Rg6 Qh7 40. Qc5+
Ke8 41. d5 Qxh5 42. Rg8+ 1-0

[Event "Julian Mazur 2024"]
[Site "Wellington Chess Club"]
[Date "2024.09.05"]
[Round "6.9"]
[White "Sova, Leo"]
[WhiteFideId "39909204"]
[Black "Dive, Russell J"]
[BlackFideId "4300106"]
[Result "0-1"]
[WhiteElo "1646"]
[BlackElo "2315"]

1. e4 c6 2. d4 d5 3. e5 Bf5 4. Nf3 e6 5. Be2 h6 6. O-O Nd7 7. Nbd2 Ne7 8. h3 g5
9. Nh2 Bg6 10. f4 Nf5 11. Ndf3 gxf4 12. Bxf4 h5 13. Qd2 Qb6 14. c3 c5 15. Bd3
cxd4 16. cxd4 Nxd4 17. Kh1 Bxd3 18. Qxd3 Nf5 19. Rf2 Qxf2 20. Rc1 Qb6 0-1

[Event "Julian Mazur 2024"]
[Site "Wellington Chess Club"]
[Date "2024.09.05"]
[Round "6.10"]
[White "Keith, Matthew"]
[WhiteFideId "4320913"]
[Black "Saglam, Azra Sena"]
[BlackFideId "4320956"]
[Result "1-0"]
[WhiteElo "1830"]
[BlackElo "1589"]

1. e4 c5 2. Nf3 e6 3. d4 cxd4 4. Nxd4 Nf6 5. Bd3 d6 6. O-O Be7 7. Nc3 Nc6 8.
Be3 O-O 9. f4 Nd7 10. Qf3 Nxd4 11. Bxd4 e5 12. Be3 exf4 13. Qxf4 Ne5 14. Be2
Bg5 15. Qxg5 Qxg5 16. Bxg5 f6 17. Be3 Be6 18. Rad1 Rfd8 19. Nd5 Rac8 20. Ne7+
1-0

[Event "Julian Mazur 2024"]
[Site "Wellington Chess Club"]
[Date "2024.09.05"]
[Round "6.11"]
[White "Tan, Jin"]
[WhiteFideId "4320972"]
[Black "Hurndell, Robert"]
[BlackFideId "4310233"]
[Result "0-1"]
[WhiteElo "1582"]
[BlackElo "1730"]

1. e4 c5 2. Nf3 d6 3. d4 cxd4 4. Nxd4 Nf6 5. Nc3 a6 6. Be2 e5 7. Nf3 Be7 8. h3
Nc6 9. Be3 h6 10. O-O O-O 11. a3 Be6 12. Rc1 Rc8 13. Bd3 d5 14. exd5 Nxd5 15.
Nxd5 Bxd5 16. c4 Be6 17. Qc2 f5 18. Nh2 e4 19. Be2 Ne5 20. Rfd1 Qe8 21. c5 Qg6
22. Bf4 Nc6 23. b4 Kh8 24. Nf1 Bg5 25. Qd2 Rcd8 26. Qe3 Bxf4 27. Qxf4 Nd4 28.
Ng3 Qxg3 29. fxg3 Nxe2+ 30. Kf2 Nxf4 31. gxf4 Rd5 32. Ke2 Rfd8 33. Ke1 Rxd1+
34. Rxd1 Rxd1+ 35. Kxd1 Kg8 0-1

[Event "Julian Mazur 2024"]
[Site "Wellington Chess Club"]
[Date "2024.09.05"]
[Round "6.13"]
[White "Farrington, Lawrence B"]
[WhiteFideId "4301749"]
[Black "Lavender, Ariel J"]
[BlackFideId "0"]
[Result "0-1"]
[WhiteElo "1646"]
[BlackElo "1547"]

1. d4 Nf6 2. c4 e6 3. Nc3 Bb4 4. Nf3 O-O 5. Bg5 h6 6. Bh4 c5 7. a3 Bxc3+ 8.
bxc3 Nc6 9. e3 b6 10. Bd3 d6 11. O-O Bb7 12. Nd2 g5 13. Bg3 e5 14. d5 Ne7 15.
Ne4 Nxe4 16. Bxe4 f5 17. Bc2 f4 18. exf4 exf4 19. Qh5 Kg7 20. Bh4 gxh4 21. Qg4+
Kh8 22. Qe6 Ng8 23. Rae1 Qf6 24. Qe4 Rf7 25. Qe6 Qxe6 26. Rxe6 Rf6 27. Re4 Kg7
28. Rfe1 Kf7 29. g3 hxg3 30. hxg3 fxg3 31. fxg3 Rf8 32. Kg2 Bc8 33. R4e3 Kg7
34. R1e2 Bg4 35. Rd2 Rf3 36. Rxf3 Rxf3 37. Rd3 Rxd3 38. Bxd3 h5 39. Kf2 Kf6 40.
Ke3 Ke5 41. Bh7 Ne7 42. Bc2 Nf5+ 43. Kf2 a6 44. Ba4 Ne7 45. Be8 Nxd5 46. cxd5
Kxd5 47. Bf7+ Ke4 48. c4 b5 49. cxb5 axb5 50. Be8 b4 51. axb4 cxb4 52. Ba4 Kd3
53. Ke1 Kc3 0-1

[Event "Julian Mazur 2024"]
[Site "Wellington Chess Club"]
[Date "2024.09.05"]
[Round "6.15"]
[White "Joseph, Joji Chacko"]
[WhiteFideId "4308816"]
[Black "Rose, Jim"]
[BlackFideId "4326776"]
[Result "1-0"]
[WhiteElo "1584"]
[BlackElo "1522"]

1. e4 d6 2. d4 Nf6 3. Nc3 g6 4. Bc4 Bg7 5. Be3 O-O 6. Qd2 c6 7. O-O-O b5 8. Bb3
a5 9. a3 b4 10. axb4 axb4 11. Nb1 Nxe4 12. Qxb4 Nd7 13. d5 c5 14. Qxe4 Nb6 15.
Ne2 Bf5 16. Qh4 Qc7 17. Na3 Bf6 18. Bg5 c4 19. Bxf6 cxb3 20. Bc3 Rxa3 21. bxa3
bxc2 22. Rd3 Bxd3 23. Qd4 f6 24. Qxd3 Qc4 25. Qxc4 Nxc4 26. Bb4 Ra8 27. Kxc2
Nxa3+ 28. Bxa3 Rxa3 29. Nc3 Ra5 30. Kd3 Kf7 31. Re1 f5 32. Re3 Ra7 33. Ke2 Rb7
34. f4 h5 35. Kf3 Rb2 36. Kg3 Kf6 37. Kh3 Rb7 38. Kh4 Rb2 39. Ne2 Rb5 40. Nc3
Rb2 41. Kg3 Rb7 42. Kf3 Rb2 43. h3 Rb7 44. g4 Rb8 45. gxh5 gxh5 46. Kg3 Rh8 47.
Kh4 Rh7 48. Ne2 Rh8 49. Ng3 Rh7 50. Re6+ Kf7 51. Nxh5 Ke8 52. Kg5 Kf8 53. h4
Rh8 54. Ng3 Rg8+ 55. Rg6 Rh8 56. Nxf5 Rh7 57. Rh6 Rxh6 58. Nxh6 e5 59. fxe5
dxe5 60. Kf5 Kg7 61. d6 Kf8 62. Kxe5 Ke8 63. Ke6 Kd8 64. Nf7+ Ke8 65. d7+ Kf8
66. d8=Q+ Kg7 67. Qf6+ Kh7 68. Ng5+ Kg8 69. Qf7+ 1-0

[Event "Julian Mazur 2024"]
[Site "Wellington Chess Club"]
[Date "2024.09.05"]
[Round "6.16"]
[White "Aldridge, Alan L"]
[WhiteFideId "4301528"]
[Black "Sun, William"]
[BlackFideId "0"]
[Result "1-0"]
[WhiteElo "1822"]
[BlackElo "807"]

1. e4 c6 2. d4 d5 3. e5 Bf5 4. Nf3 c5 5. Bb5+ Nc6 6. O-O a6 7. Bxc6+ bxc6 8.
dxc5 e6 9. b4 a5 10. Bd2 axb4 11. Bxb4 Rb8 12. a3 Ne7 13. Re1 Ng6 14. Nd4 Qc7
15. Nxf5 exf5 16. Nd2 Nxe5 17. f4 Qa7 18. Rxe5+ 1-0

[Event "Julian Mazur 2024"]
[Site "Wellington Chess Club"]
[Date "2024.09.05"]
[Round "6.17"]
[White "Bicalho, Frederico Meneses"]
[WhiteFideId "44794835"]
[Black "List, Robert"]
[BlackFideId "4303490"]
[Result "0-1"]
[WhiteElo "1500"]
[BlackElo "1653"]

1. e4 b6 2. d4 Bb7 3. Nc3 e6 4. Nf3 Bb4 5. Bd3 Nf6 6. Bg5 h6 7. Bxf6 Qxf6 8.
O-O O-O 9. Nb5 Qd8 10. a3 Be7 11. c4 d5 12. cxd5 exd5 13. e5 c5 14. Rc1 c4 15.
Bb1 a6 16. Nc3 b5 17. Qc2 g6 18. e6 f5 19. Ne5 Kg7 20. Nf7 Rxf7 21. exf7 Kxf7
22. Qd2 Bg5 23. f4 Bf6 24. Rce1 Nc6 25. Re5 Nxe5 26. fxe5 Bg5 27. Qf2 Qd7 28.
g4 Rg8 29. Kh1 Bc8 30. Re1 Qe6 31. Qf3 Bd2 32. Rf1 f4 33. Qxd5 Qxd5+ 34. Nxd5
Bb7 0-1

[Event "Julian Mazur 2024"]
[Site "Wellington Chess Club"]
[Date "2024.09.05"]
[Round "6.18"]
[White "Bohme, Alex"]
[WhiteFideId "2660270"]
[Black "Lieser, Joshua"]
[BlackFideId "4326385"]
[Result "1-0"]
[WhiteElo "1477"]
[BlackElo "1643"]

1. c4 e6 2. d4 Nf6 3. Nc3 g6 4. e4 d6 5. Bg5 Bg7 6. Bd3 Nc6 7. Nf3 e5 8. d5 Nb4
9. Qa4+ Bd7 10. Qxb4 b6 11. O-O O-O 12. Bc2 Bg4 13. Ne1 Nxd5 14. Bxd8 Nxb4 15.
Bxc7 Rfc8 16. Bxd6 Rxc4 17. Bb3 Rd4 18. Nb5 Be2 19. Nxd4 Bxf1 20. Kxf1 Nxa2 21.
Nb5 a6 22. Rxa2 1-0

[Event "Julian Mazur 2024"]
[Site "Wellington Chess Club"]
[Date "2024.09.05"]
[Round "6.19"]
[White "Kumar, Raghava"]
[WhiteFideId "33446610"]
[Black "Qu, Lucas"]
[BlackFideId "4314620"]
[Result "1/2-1/2"]
[WhiteElo "1411"]
[BlackElo "1620"]

1. d4 d5 2. f4 Bf5 3. e3 e6 4. Bd3 Bxd3 5. Qxd3 Nf6 6. Qb5+ Nbd7 7. Qxb7 Ne4 8.
Nf3 Be7 9. Nbd2 Nd6 10. Qa6 O-O 11. Qd3 f5 12. b3 Ne4 13. c4 Bh4+ 14. g3 Bf6
15. c5 Ndxc5 16. Qe2 Nd7 17. O-O c5 18. Nxe4 dxe4 19. Ne5 cxd4 20. exd4 Nb6 21.
Be3 Nd5 22. Rac1 Nb4 23. Qc4 Nd5 24. Kf2 Qe7 25. Rc2 g5 26. Nc6 Qf7 27. Qe2 g4
28. Rfc1 h5 29. a3 Qh7 30. Nb4 h4 31. Nxd5 hxg3+ 32. hxg3 Qh2+ 33. Ke1 Qxe2+
34. Kxe2 exd5 35. Rc7 Rf7 36. Rc8+ Rxc8 37. Rxc8+ Kg7 38. Kd1 Rb7 39. b4 Kf7
40. Rc2 Be7 41. Rb2 Ke6 42. Bd2 Kd7 43. Rc2 Bf6 44. Rc5 Kd6 45. Be3 Be7 46. Rc8
Kd7 47. Rc2 Bf6 48. a4 Be7 1/2-1/2

[Event "Julian Mazur 2024"]
[Site "Wellington Chess Club"]
[Date "2024.09.05"]
[Round "6.20"]
[White "Osborne, Geoff"]
[WhiteFideId "4311485"]
[Black "Pickering, Dean"]
[BlackFideId "0"]
[Result "0-1"]
[WhiteElo "1517"]
[BlackElo "1274"]

1. e4 e5 2. Nf3 Nc6 3. d4 exd4 4. Bc4 Nf6 5. e5 d5 6. Bb5 Ne4 7. Nxd4 Bd7 8.
Bxc6 Bxc6 9. O-O Bc5 10. Be3 Bb6 11. Nxc6 bxc6 12. Qd3 O-O 13. Nd2 Nxd2 14.
Qxd2 f6 15. Rad1 fxe5 16. Bxb6 axb6 17. a3 Qf6 18. f3 Rad8 19. Qe3 Rfe8 20. Qb3
Qd6 21. Rf2 Re7 22. Rdf1 Qc5 23. Kh1 Rde8 24. Qd3 b5 25. Qd2 Qd6 26. f4 e4 27.
f5 e3 0-1

[Event "Julian Mazur 2024"]
[Site "Wellington Chess Club"]
[Date "2024.09.05"]
[Round "6.21"]
[White "Dhamodharam, Aadhav"]
[WhiteFideId "0"]
[Black "Hupert, Leo"]
[BlackFideId "0"]
[Result "1-0"]
[WhiteElo "1477"]
[BlackElo "1389"]

1. e4 e5 2. Nf3 Nc6 3. Bc4 h6 4. O-O Nf6 5. Nc3 Bc5 6. d3 Bd4 7. Nxd4 Nxd4 8.
Be3 c6 9. f4 d6 10. Ne2 Bg4 11. Bxd4 exd4 12. h3 d5 13. exd5 cxd5 14. Bb5+ Bd7
15. Nxd4 Bxb5 16. Qe2+ Ne4 17. Qe3 O-O 18. Nxb5 Nf6 19. Qd4 Nh5 20. Nc3 Qh4 21.
Qf2 Qd8 22. Qd4 Nf6 23. Rae1 Re8 24. Rxe8+ Qxe8 25. Nxd5 Nxd5 26. Qxd5 Qe3+ 27.
Kh2 Qe2 28. Qxb7 Re8 29. Qc6 Re3 30. Qc8+ Re8 31. Rf2 Qe3 32. Qc6 Re6 33. Qf3
Qc1 34. c3 Re1 35. Re2 Rh1+ 36. Kg3 g6 37. Re8+ Kg7 38. Qe4 h5 39. Qe5+ f6 40.
Qe7+ Kh6 41. Rh8# 1-0

[Event "Julian Mazur 2024"]
[Site "Wellington Chess Club"]
[Date "2024.09.05"]
[Round "6.22"]
[White "Sethuramalingam, Niranjana"]
[WhiteFideId "4326415"]
[Black "Hamilton, Marcus"]
[BlackFideId "0"]
[Result "1-0"]
[WhiteElo "1098"]
[BlackElo "1441"]

1. e4 e5 2. Nf3 d6 3. Bc4 Nf6 4. Ng5 Qd7 5. Nxf7 d5 6. Nxh8 dxc4 7. Nc3 Bc5 8.
d3 Qd4 9. O-O Bg4 10. Qd2 Nc6 11. Qg5 Bf8 12. Nb5 Qd8 13. dxc4 Qd7 14. Be3 Nxe4
15. Qh4 Qf5 16. f3 Be7 17. fxg4 Bxh4 18. Rxf5 O-O-O 19. Nf7 Rd7 20. Nxe5 Nxe5
21. Rxe5 Re7 22. Rxe7 Bxe7 23. Bxa7 c6 24. Re1 cxb5 25. Rxe4 Bf6 26. cxb5 Bxb2
27. Rc4+ Kd7 28. h4 Kd6 29. Rc8 Ke6 30. Rb8 1-0